Cartas y relaciones de Hernán Cortés al emperador Carlos V (Record no. 2589)

MARC details
000 -CABECERA
campo de control de longitud fija 00898nam a2200253 a 4500
001 - NÚMERO DE CONTROL
campo de control BRCA_2850
005 - FECHA Y HORA DE LA ÚLTIMA TRANSACCIÓN
campo de control 20190320204010.0
008 - DATOS DE LONGITUD FIJA--INFORMACIÓN GENERAL
campo de control de longitud fija 101208s1866----fr-a---###---#000-0#spa-u
041 ## - CÓDIGO DE LENGUA
Código de lengua del texto/banda sonora o título independiente spa
044 ## - CÓDIGO DEL PAÍS DE LA ENTIDAD EDITORA/PRODUCTORA
Código MARC del país fr
050 #4 - SIGNATURA TOPOGRÁFICA DE LA BIBLIOTECA DEL CONGRESO
Número de clasificación F1230
Número de documento/Ítem .C37 1
-- 1866
245 10 - MENCIÓN DE TÍTULO
Título Cartas y relaciones de Hernán Cortés al emperador Carlos V
Mención de responsabilidad, etc. corregidas e ilustradas por Pascual de Gayangos.
260 ## - PUBLICACIÓN, DISTRIBUCIÓN, ETC.
Lugar de publicación, distribución, etc. París
Nombre del editor, distribuidor, etc. A. Chaix
Fecha de publicación, distribución, etc. 1866
300 ## - DESCRIPCIÓN FÍSICA
Extensión li, 575 p.
Dimensiones 27 cm.
500 ## - NOTA GENERAL
Nota general Incluye índice de materias
500 ## - NOTA GENERAL
Nota general Ejemplar igual a D161
500 ## - NOTA GENERAL
Nota general B4
600 14 - PUNTO DE ACCESO ADICIONAL DE MATERIA--NOMBRE DE PERSONA
Nombre de persona Cortés, Hernando
Fechas asociadas al nombre 1485-1547
Subdivisión general Correspondencia, memorias, etc.
9 (RLIN) 7968
600 14 - PUNTO DE ACCESO ADICIONAL DE MATERIA--NOMBRE DE PERSONA
Nombre de persona Carlos V
Títulos y otros términos asociados al nombre Rey de España y Emperador de Alemania
Fechas asociadas al nombre 1500-1558
Subdivisión general Correspondencia, memorias, etc.
9 (RLIN) 7969
650 14 - PUNTO DE ACCESO ADICIONAL DE MATERIA--TÉRMINO DE MATERIA
Término de materia o nombre geográfico como elemento de entrada México
Subdivisión general Historia
Subdivisión cronológica Conquista, 1519-1540
9 (RLIN) 859
700 1# - PUNTO DE ACCESO ADICIONAL--NOMBRE DE PERSONA
Nombre de persona Gayangos y Arce, Pascual de
Fechas asociadas al nombre 1809-1897
9 (RLIN) 7970
902 ## - CATALOGADOR
Iniciales GFM
942 ## - ELEMENTOS DE PUNTO DE ACCESO ADICIONAL (KOHA)
Fuente del sistema de clasificación o colocación Library of Congress Classification
Tipo de ítem Koha Libros
Holdings
Estado de retiro Estado de pérdida Estado dañado No para préstamo Localización permanente Ubicación/localización actual Fecha de adquisición Número de inventario Total de préstamos Signatura topográfica completa Código de barras Fecha visto por última vez Precio válido a partir de Tipo de ítem Koha
El ejemplar forma parte de la colección y puede ser consultado según las políticas vigentes.       Biblioteca del Museo Franz Mayer (Rogerio Casas-Alatriste) Biblioteca del Museo Franz Mayer (Rogerio Casas-Alatriste) 10/12/2008 B4   F1230 .C37 1 1866 (B4) 2847 22/03/2019 22/03/2019 Libros